Business Meeting.

Meeting to briefly consider various nominations and the following resolutions.

Bibliographic Details
Format: eBook
Language:English
Published: [Washington : U.S. G.P.O.], 1984.
Subjects:
Online Access:Electronic resource (PDF)

MARC

Tag First Indicator Second Indicator Subfields
LEADER 00000cam a22000001i 4500
001 in00004132821
005 20200117091059.0
006 m d f
007 cr bn mmmapmmp
008 091109s1984 dcu o f000 0 eng d
035 |a cis2007529799 
040 |a UMI  |b eng  |e rda  |c UMI  |d UtOrBLW 
043 |a e-ur---  |a f-ti--- 
110 1 |a United States.  |b Congress.  |b Senate.  |b Committee on Foreign Relations,  |e issuing body.  |0 http://id.loc.gov/authorities/names/n78008230 
245 1 0 |a Business Meeting. 
264 1 |a [Washington :  |b U.S. G.P.O.],  |c 1984. 
300 |a 6 pages, digital, PDF file. 
336 |a text  |2 rdacontent  |b txt 
337 |a computer  |b c  |2 rdamedia 
338 |a online resource  |2 rdacarrier  |b cr 
500 |a Record is based on bibliographic data in ProQuest Congressional Hearings Digital Collection (last viewed July 2018) Reuse except for individual research requires license from ProQuest, LLC. 
520 |a Meeting to briefly consider various nominations and the following resolutions. 
538 |a System requirements: PDF reader software. 
500 |a Electronic resource. 
650 0 |a Nominations for office.  |0 http://id.loc.gov/authorities/subjects/sh85092211 
651 0 |a Soviet Union.  |0 http://id.loc.gov/authorities/names/n80126312 
651 0 |a Tunisia.  |0 http://id.loc.gov/authorities/names/n79065220 
730 0 |a ProQuest U.S. Congressional Hearings Digital Collection. 
776 0 8 |a United States. Congress. Senate. Committee on Foreign Relations  |t Business Meeting.  |o 98 SFo-T.130 
856 4 0 |u http://proxy.library.tamu.edu/login?url=http://congressional.proquest.com/congcomp/getdoc?HEARING-ID=HRG-1984-FOR-0066  |y Electronic resource (PDF)  |t 0 
999 f f |s 4543012d-add3-3944-afc5-1ba87f9d1004  |i 0232ac1a-e55b-3b73-8ffa-ec2a22d2c18d  |t 0 
952 f f |a Texas A&M University  |b College Station  |c Electronic Resources  |d Available Online  |t 0  |h No information provided 
998 f f |t 0  |l Available Online